• 首页
  • 本馆介绍
  • 公告通知
  • 最新文献
  • 馆藏检索
  • 电子资源
  • 读者导购
  • 参考咨询
  • 我的图书馆
  • 登录
  • 详细信息显示
  • 放入我的书架
  • 预约/预借图书
  • 作者相关作品
  • 分类相关作品
  • 丛书相关作品
  • 出版社相关作品

书目信息

  • 表格格式
  • 工作单格式
  • 卡片格式
题名:
1600种中文内部期刊内容简介
    
 
作者: 林国威 编
分册:  
出版信息:   上海交通大学  1985
页数: 141页
开本: 26cm
丛书名:
单 册:
中图分类: G255.2
科图分类:
主题词: 图书馆学 , 图书馆事业
电子资源:
ISBN:
000 00550nam0 2200193 450
001 0657185734
005 20060802155432.87
010    @dCNY3.00
100    @a20060802d1985 km y0chiy0120 ea
101 0  @achi
200 1  @a1600种中文内部期刊内容简介@A1600 zhong zhong wen nei bu qi kan nei rong jian jie@f林国威编@Flin guo wei bian
210    @c上海交通大学@d1985
215    @a141页@d26cm
606 0  @a图书馆学
606 0  @a图书馆事业
690    @aG255.2@v3
701  0 @a林国威@Alin guo wei@4编
801  0 @aCN@bPFT@c20060802
905    @a10447@dG255.2@e24
    
    1600种中文内部期刊内容简介/林国威编.-上海交通大学,1985
    141页;26cm
    
    
    ISBN :CNY3.00
    
●
相关链接 在E读中查询图书 在五车中查询图书 在当当中查询图书 在豆瓣中查询图书


正题名:1600种中文内部期刊内容简介     索取号:G255.2/24         预约/预借

序号 登录号 条形码 馆藏地/架位号 状态 备注
1 0441920   204419209   密集书库/ [索取号:G255.2/24] 在馆    
2 0441921   204419218   密集书库/ [索取号:G255.2/24] 在馆    
唐山师范学院图书馆 欢迎您!
大连网信软件有限公司© 版权所有